000 00877nam a2200253 i 4500
001 8312
003 ES-MaACL
005 20230906145430.0
007 t|
008 920504s1991 sp ao |||| | spa d
020 _a84-87661-11-4
080 _a75.047(460)(064.3)
245 0 3 _aEl paisaje en España
_b= Die landschaft in Spanien : 1991, Frankfurt.
246 3 1 _aDie landschaft in Spanien
260 _a[Madrid] :
_bDirección General de Relaciones Culturales y Científicas,
_cD.L. 1991.
300 _a113 p. :
_bil. col. ;
_c29 cm.
546 _aTexto en alemán y español.
650 4 _aPintura de paisaje-
_zEspaña-
_vExposiciones.
_9151044
655 7 _2tgfbne
_9193628
_aCatálogos de exposiciones
710 1 _aEspaña.
_bDirección General de Relaciones Culturales.
_93782
852 _aES-MaACL
_jL-15656
942 _2udc
999 _c8312
_d8312